000 00492nam a2200193 4500
001 17875
005 20230410130530.0
008 060907n2003 dr spa
020 _a186197535X
035 _9funglode18016
041 _aEN
050 1 4 _aPN 147 S938 2003
245 0 _aStyle guide :
_bthe bestselling guide to english usage
250 _a8
260 _aLondon :
_bProfile Books Ltd,
_c2003
300 _avi, 169 p.
440 _aEconomist books
942 _2lcc
_cbk
999 _c75664
_d75664